00643nam a2200169 a 450000500170000000800410001702000180005805000310007624500540010726000510016130000100021244000350022265000320025765000410028999900190033095201240034920140412111356.0051104s19uu xx 00 eng d a0-02-683879-6 aTR(GS 372.4bA1 L.1-B.2(c) aChallenge (orange), L.1-B.2 :bBlackline masters. aColumbus, Ohio :bSRA/McGraw-Hill Comp,c2000. a59 p. aSRA open court reading, Orange aReadingxStudy and teaching aEnglish languagexStudy and teaching c105413d105413 00104050aELbELcTRd2005-11-04eDonationl0oTR(GS 372.4 A1 L.1-B.2(c)pE10092r2014-04-12 00:00:00w2014-04-12yBK